| 000 | 00457nam a2200193Ia 4500 | ||
|---|---|---|---|
| 003 | OSt | ||
| 005 | 20251205094326.0 | ||
| 008 | 210210b2006 xxu||||| |||| 00| 0 eng d | ||
| 040 | _cAL | ||
| 041 | _aeng | ||
| 082 | _a321.80954 RAMC | ||
| 100 |
_aRaman B S _940492 |
||
| 245 | _aConstitution of India | ||
| 260 |
_aMangalore _bUnited publishers _c2006 |
||
| 300 | _a278p | ||
| 690 |
_aIndian Constitution _940493 |
||
| 906 | _a061245 | ||
| 942 |
_2ddc _cBK |
||
| 999 |
_c107831 _d107831 |
||